| 000 | 00793nam a2200253 i 4500 | ||
|---|---|---|---|
| 001 | bg | ||
| 003 | BPK | ||
| 005 | 20190726142023.0 | ||
| 008 | 020704s1977 pl a f |001 0 pol | ||
| 015 | _aPB 1977/9198 | ||
| 040 |
_aWA N _cBPK |
||
| 080 | _a512 | ||
| 080 | _a(075.8) | ||
| 100 | 1 | _aGuściora, Henryk. | |
| 245 | 1 | 0 |
_aRepetytorium z algebry liniowej / _cH. Guściora, M. Sadowski. |
| 260 |
_aWarszawa : _bPańst. Wydaw. Naukowe, _c1977. |
||
| 300 |
_a267, [1] s. : _bil. ; _c25 cm. |
||
| 504 | _aBibliogr. Indeksy. | ||
| 655 | 4 | _aPodręczniki akademickie | |
| 650 | 4 | _aAlgebra liniowa | |
| 700 | 1 |
_aSadowski, Michał _d(1947- ) |
|
| 942 |
_2UKD _cKS |
||
| 856 |
_uhttp://koha.tu.koszalin.pl/cgi-bin/koha/opac-detail.pl?biblionumber=17566 _yKatalog online BPK |
||
| 999 |
_c17566 _d17566 |
||